| 000 | 00608nam a2200205Ia 4500 | ||
|---|---|---|---|
| 008 | 131103s9999 xx 000 0 und d | ||
| 020 | _cRs.120 | ||
| 040 | _aLoreto College | ||
| 041 | _aEnglish | ||
| 082 |
_a891.431/NIR-SIN _bLCLIB/37099;46791 |
||
| 100 | _aSingh,Dudhnath | ||
| 245 |
_aNirala _b Atmahantya astha _cDudhnath Singh |
||
| 260 |
_aAllahabad _bLok Bharti Publication _c1993 |
||
| 300 |
_a280 p. _c 21 cm. |
||
| 630 | _aNirala - Criticism & interpretation | ||
| 650 | _aNirala | ||
| 651 | _aHindi poetry - Criticism and interpretation | ||
| 850 | _aLCLIB/891.431/NIR-SIN | ||
| 942 | _cBK | ||
| 999 |
_c18100 _d68579 |
||